000 00455nam a2200181Ia 4500
001 19959
005 20260306172731.0
008 260306t2007||||xx |||||||||||||| ||spa||
041 _aESP
082 _a341.8
_bO45
100 _aOlmeda García, Marina del Pilar
_eAUT
245 0 _aEtica profesional en el ejercicio del derecho
260 _c2007
300 _a405 páginas :
_c20 cm.
650 _aGEN
654 _aCDE
942 _cLIB
_dJUS
_fJUS
_2ddc
_n
999 _c19959
_d19959